000 00281nam a2200121Ia 4500
008 190216s9999||||xx |||||||||||||| ||und||
100 _aJames Reeves
245 0 _aUndersting Poetry
260 _bPan Books London
_c1965
300 _a207p
650 _aEnglish Poetry
942 _cBK
999 _c12226
_d12226